عناصر القوة في الإسلام / (رقم التسجيلة. 28213)
[ عرض عادي ]
| 000 -الفاتح | |
|---|---|
| حقل البيانات ثابتة الطول | 00585nam a2200169 a 4500 |
| 003 - محدد رقم الضبط | |
| رقم الضبط | OSt |
| 005 - وقت وتاريخ اخر تعامل مع التسجيلة | |
| رقم الضبط | 20150408114120.0 |
| 008 - عناصر البيانات ثابتة الطول - معلومات عامة | |
| حقل البيانات ثابتة الطول | 130224t2006 ua g 000 0 ara d |
| 040 ## - مصدر الفهرسة | |
| وكالة الفهرسة الأصلية | Ma-Un |
| 082 04 - رقم تصنيف ديوى العشرى | |
| رقم الطبعة | 21 |
| رقم التصنيف | 210.8 |
| رقم المادة | س س ع |
| 100 1# - المدخل الرئيسى - إسم شخصى | |
| 9 (RLIN) | 21628 |
| الإسم الشخصى | سابق، السيد، |
| التواريخ المصاحبة للاسم | 1915-2000. |
| 245 10 - بيان العنوان | |
| العنوان | عناصر القوة في الإسلام / |
| بيان المسئوليه,etc | السيد سابق. |
| 260 ## - PUBLICATION, DISTRIBUTION, ETC. (IMPRINT) | |
| مكان الناشر او الموزع | القاهرة : |
| اسم الناشر او الموزع | دار الفتح للإعلام العربي، |
| تاريخ النشر أو التوزيع | [إيداع 2006 |
| 300 ## - الوصف المادى | |
| التعداد | 188 ص. ؛ |
| أبعاد الوعاء | 24 سم. |
| 650 #7 - المدخل الاضافى بالموضوع-مصطلح موضوعى | |
| مصطلح موضوعي أو اسم جغرافي كعنصر مدخل | الإسلام |
| التقسيم الفرعي الشكلي | مقالات ومحاضرات |
| مصدر الرأس أو المصطلح | aucsh |
| 942 ## - عناصر المدخل الإضافي( كوها) | |
| مصدر التصنيف او مخطط الترفيف | Dewey Decimal Classification |
| Koha [default] item type | كتاب |
| حالة الفقد | نموذج السعر الفعال | حالة تلف | ليس للاعارة | رقم الطلب | رقم النسخة | تاريخ الاكتساب | الموقع الحالي | الباركود | الفرع الرئيسي | Date last seen | نوع المادة فى نظام كوها | مصدر التصنيف او خطة الترفيف | Total Checkouts |
|---|---|---|---|---|---|---|---|---|---|---|---|---|---|
| 2013-03-25 | Not For Loan | 210.8 س س ع | 1 | 2013-03-25 | المكتبة المركزية بالمجمعة (CL) | 00204020 | المكتبة المركزية بالمجمعة (CL) | 2013-03-25 | كتاب | Dewey Decimal Classification | |||
| 2013-03-25 | 210.8 س س ع | 2 | 2013-03-25 | المكتبة المركزية بالمجمعة (CL) | 00204022 | المكتبة المركزية بالمجمعة (CL) | 2013-03-25 | كتاب | Dewey Decimal Classification | ||||
| 2013-03-25 | 210.8 س س ع | 3 | 2013-03-25 | المكتبة المركزية بالمجمعة (CL) | 00204021 | المكتبة المركزية بالمجمعة (CL) | 2013-03-25 | كتاب | Dewey Decimal Classification | ||||
| 2013-03-20 | Not For Loan | 210.8 س س ع | 1 | 2013-03-20 | مكتبة كلية العلوم و الدراسات الإنسانية برماح - طالبات (SRF) | 00200753 | مكتبة كلية العلوم و الدراسات الإنسانية برماح - طالبات (SRF) | 2013-03-20 | كتاب | Dewey Decimal Classification | |||
| 2013-03-20 | 210.8 س س ع | 2 | 2013-03-20 | مكتبة كلية العلوم و الدراسات الإنسانية برماح - طالبات (SRF) | 00200752 | مكتبة كلية العلوم و الدراسات الإنسانية برماح - طالبات (SRF) | 2013-03-20 | كتاب | Dewey Decimal Classification | ||||
| 2013-03-20 | Not For Loan | 210.8 س س ع | 1 | 2013-03-20 | مكتبة كلية العلوم و الدراسات الإنسانية برماح - طلاب (SRM) | 00202456 | مكتبة كلية العلوم و الدراسات الإنسانية برماح - طلاب (SRM) | 2013-03-20 | كتاب | Dewey Decimal Classification | |||
| 2013-03-20 | 210.8 س س ع | 2 | 2013-03-20 | مكتبة كلية العلوم و الدراسات الإنسانية برماح - طلاب (SRM) | 00202455 | مكتبة كلية العلوم و الدراسات الإنسانية برماح - طلاب (SRM) | 2013-03-20 | كتاب | Dewey Decimal Classification | ||||
| 2013-03-20 | Not For Loan | 210.8 س س ع | 1 | 2013-03-20 | مكتبة مجمع الكليات بالزلفى - طلاب (SZM) | 00200578 | مكتبة مجمع الكليات بالزلفى - طلاب (SZM) | 2013-03-20 | كتاب | Dewey Decimal Classification | |||
| 2013-03-20 | 210.8 س س ع | 2 | 2013-03-20 | مكتبة مجمع الكليات بالزلفى - طلاب (SZM) | 00200577 | مكتبة مجمع الكليات بالزلفى - طلاب (SZM) | 2013-03-20 | كتاب | Dewey Decimal Classification |
